[Event "2024 National Middle School Championship"]
[Site "Atlanta, Georgia, United States"]
[Date "2024.05.10"]
[Round "2.11"]
[White "Williams, Oscar Izzy"]
[Black "Peyton, Nathan"]
[Result "1-0"]
[TimeControl "G/90;d10"]
[WhiteElo "2160"]
[BlackElo "1850"]

1. e4 {[%clk 01:26:57]} {[%emt 00:03:12]} e5 {[%clk 01:30:00]} {[%emt
00:00:05]} 2. Nf3 {[%emt 00:00:11]} Nf6 {[%clk 01:29:33]} {[%emt 00:00:36]} 3.
d4 {[%clk 01:26:57]} {[%emt 00:00:04]} Nxe4 {[%clk 01:29:33]} {[%emt 00:00:06]}
4. dxe5 {[%clk 01:26:57]} {[%emt 00:00:07]} d5 {[%clk 01:29:33]} {[%emt
00:00:09]} 5. Nbd2 {[%clk 01:26:55]} {[%emt 00:00:11]} Bf5 {[%clk 01:27:40]}
{[%emt 00:02:03]} 6. Nxe4 {[%clk 01:22:03]} {[%emt 00:05:02]} Bxe4 {[%clk
01:26:48]} {[%emt 00:01:02]} 7. Ng5 {[%clk 01:17:16]} {[%emt 00:04:57]} Qe7
{[%clk 00:55:29]} {[%emt 00:31:29]} 8. Nxe4 {[%clk 01:15:41]} {[%emt 00:01:45]}
Qxe5 {[%clk 00:52:33]} {[%emt 00:03:06]} 9. Bb5+ {[%clk 01:10:36]} {[%emt
00:05:14]} c6 {[%clk 00:51:34]} {[%emt 00:01:10]} 10. Bd3 {[%clk 01:09:12]}
{[%emt 00:01:32]} f5 {[%clk 00:44:39]} {[%emt 00:07:06]} 11. f3 {[%clk
00:59:38]} {[%emt 00:09:44]} dxe4 {[%clk 00:43:05]} {[%emt 00:01:44]} 12. fxe4
{[%clk 00:56:47]} {[%emt 00:03:01]} Bb4+ {[%clk 00:41:32]} {[%emt 00:01:43]} 13.
Bd2 {[%clk 00:48:13]} {[%emt 00:08:44]} Bxd2+ {[%clk 00:35:18]} {[%emt
00:06:23]} 14. Qxd2 {[%clk 00:47:52]} {[%emt 00:00:32]} fxe4 {[%clk 00:31:12]}
{[%emt 00:04:15]} 15. O-O-O {[%clk 00:43:38]} {[%emt 00:04:24]} Nd7 {[%clk
00:28:01]} {[%emt 00:03:22]} 16. Rhe1 {[%clk 00:35:08]} {[%emt 00:08:40]} O-O-O
{[%clk 00:24:25]} {[%emt 00:03:45]} 17. Rxe4 {[%clk 00:34:41]} {[%emt
00:00:36]} Qc5 {[%clk 00:16:08]} {[%emt 00:08:27]} 18. Qe2 {[%clk 00:26:17]}
{[%emt 00:08:36]} Qg5+ {[%clk 00:10:59]} {[%emt 00:05:19]} 19. Kb1 {[%clk
00:25:17]} {[%emt 00:01:09]} Rhf8 {[%clk 00:07:31]} {[%emt 00:03:39]} 20. a3
{[%clk 00:23:31]} {[%emt 00:01:56]} Qf6 {[%clk 00:06:49]} {[%emt 00:00:52]} 21.
Re7 {[%clk 00:20:22]} {[%emt 00:03:18]} Nc5 {[%clk 00:04:28]} {[%emt 00:02:32]}
22. Qg4+ {[%clk 00:19:09]} {[%emt 00:01:23]} Rd7 {[%clk 00:03:44]} {[%emt
00:00:54]} 23. Rxd7 {[%clk 00:18:21]} {[%emt 00:00:58]} Nxd7 {[%clk 00:03:44]}
{[%emt 00:00:02]} 24. Bxh7 {[%clk 00:15:21]} {[%emt 00:03:10]} Rf7 {[%clk
00:03:44]} {[%emt 00:00:05]} 25. Bg8 {[%clk 00:11:56]} {[%emt 00:03:34]} Re7
{[%clk 00:03:32]} {[%emt 00:00:22]} 26. Rxd7 {[%clk 00:10:29]} {[%emt
00:01:36]} Rxd7 {[%clk 00:00:39]} {[%emt 00:03:04]} 27. Be6 {[%clk 00:10:26]}
{[%emt 00:00:12]} Kc7 {[%clk 00:00:24]} {[%emt 00:00:26]} 28. Bxd7 {[%clk
00:10:02]} {[%emt 00:00:34]} Qf1+ {[%clk 00:00:24]} {[%emt 00:00:05]} 29. Ka2
{[%clk 00:10:02]} {[%emt 00:00:09]} 1-0

[Event "2024 National Middle School Championship"]
[Site "Atlanta, Georgia, United States"]
[Date "2024.05.10"]
[Round "2.12"]
[White "Lu, Lucas"]
[Black "Kao, Jamison Edrich"]
[Result "0-1"]
[TimeControl "G/90;d10"]
[WhiteElo "1844"]
[BlackElo "2139"]

1. e4 {[%clk 01:30:00]} {[%emt 00:00:03]} c5 {[%clk 01:30:00]} {[%emt
00:00:06]} 2. Nf3 {[%clk 01:30:00]} {[%emt 00:00:04]} d6 {[%clk 01:30:00]}
{[%emt 00:00:02]} 3. d4 {[%clk 01:30:00]} {[%emt 00:00:05]} cxd4 {[%clk
01:30:00]} {[%emt 00:00:02]} 4. Qxd4 {[%clk 01:30:00]} {[%emt 00:00:06]} Nc6
{[%clk 01:30:00]} {[%emt 00:00:05]} 5. Bb5 {[%clk 01:30:00]} {[%emt 00:00:04]}
Bd7 {[%clk 01:30:00]} {[%emt 00:00:07]} 6. Bxc6 {[%clk 01:30:00]} {[%emt
00:00:04]} Bxc6 {[%clk 01:30:00]} {[%emt 00:00:06]} 7. Nc3 {[%clk 01:30:00]}
{[%emt 00:00:09]} Nf6 {[%clk 01:29:11]} {[%emt 00:01:00]} 8. Bg5 {[%clk
01:29:59]} {[%emt 00:00:10]} e6 {[%clk 01:29:11]} {[%emt 00:00:08]} 9. Qd3
{[%clk 01:29:59]} {[%emt 00:00:09]} Be7 {[%clk 01:20:36]} {[%emt 00:08:46]} 10.
O-O-O {[%clk 01:29:49]} {[%emt 00:00:20]} O-O {[%clk 01:20:36]} {[%emt
00:00:10]} 11. Nd4 {[%clk 01:28:48]} {[%emt 00:01:12]} Qa5 {[%clk 01:15:54]}
{[%emt 00:04:51]} 12. f4 {[%clk 01:28:40]} {[%emt 00:00:17]} Rac8 {[%clk
01:14:21]} {[%emt 00:01:43]} 13. Kb1 {[%clk 01:28:10]} {[%emt 00:00:40]} Rfe8
{[%clk 01:12:49]} {[%emt 00:01:41]} 14. f5 {[%clk 01:25:31]} {[%emt 00:02:50]}
Bd7 {[%clk 01:10:43]} {[%emt 00:02:16]} 15. h4 {[%clk 01:12:35]} {[%emt
00:13:06]} a6 {[%clk 01:05:57]} {[%emt 00:04:56]} 16. Bxf6 {[%clk 01:10:23]}
{[%emt 00:02:22]} Bxf6 {[%clk 01:05:57]} {[%emt 00:00:07]} 17. g4 {[%clk
01:10:19]} {[%emt 00:00:13]} Be5 {[%clk 01:03:57]} {[%emt 00:02:10]} 18. Nce2
{[%clk 01:04:20]} {[%emt 00:06:10]} Qb4 {[%clk 00:57:02]} {[%emt 00:07:05]} 19.
c3 {[%clk 01:00:50]} {[%emt 00:03:40]} Qc4 {[%clk 00:56:28]} {[%emt 00:00:45]}
20. Qc2 {[%clk 00:49:44]} {[%emt 00:11:15]} b5 {[%clk 00:52:22]} {[%emt
00:04:16]} 21. Rhg1 {[%clk 00:45:20]} {[%emt 00:04:34]} b4 {[%clk 00:51:26]}
{[%emt 00:01:06]} 22. b3 {[%clk 00:38:47]} {[%emt 00:06:43]} Qc5 {[%clk
00:51:08]} {[%emt 00:00:27]} 23. c4 {[%clk 00:37:45]} {[%emt 00:01:13]} g6
{[%clk 00:45:38]} {[%emt 00:05:39]} 24. g5 {[%clk 00:29:55]} {[%emt 00:07:59]}
a5 {[%clk 00:43:33]} {[%emt 00:02:16]} 25. f6 {[%clk 00:24:55]} {[%emt
00:05:10]} a4 {[%clk 00:43:33]} {[%emt 00:00:04]} 26. Rh1 {[%clk 00:24:07]}
{[%emt 00:00:58]} axb3 {[%clk 00:43:33]} {[%emt 00:00:04]} 27. axb3 {[%clk
00:24:07]} {[%emt 00:00:05]} Ra8 {[%clk 00:33:39]} {[%emt 00:10:05]} 28. Kb2
{[%clk 00:21:05]} {[%emt 00:03:12]} Ra3 {[%clk 00:27:42]} {[%emt 00:06:07]} 29.
Qd2 {[%clk 00:18:36]} {[%emt 00:02:38]} Rea8 {[%clk 00:17:50]} {[%emt
00:10:02]} 30. Ra1 {[%clk 00:18:04]} {[%emt 00:00:41]} Qa5 {[%clk 00:17:08]}
{[%emt 00:00:53]} 31. Rxa3 {[%clk 00:18:03]} {[%emt 00:00:11]} bxa3+ {[%clk
00:14:06]} {[%emt 00:03:12]} 32. Kc2 {[%clk 00:18:00]} {[%emt 00:00:13]} Qc5
{[%clk 00:13:35]} {[%emt 00:00:41]} 33. Qc3 {[%clk 00:17:09]} {[%emt 00:01:01]}
d5 {[%clk 00:12:43]} {[%emt 00:01:02]} 34. cxd5 {[%clk 00:15:47]} {[%emt
00:01:32]} Qd6 {[%clk 00:12:10]} {[%emt 00:00:43]} 35. Kd2 {[%clk 00:13:59]}
{[%emt 00:01:58]} exd5 {[%clk 00:10:33]} {[%emt 00:01:48]} 36. exd5 {[%clk
00:12:40]} {[%emt 00:01:28]} Qxd5 {[%clk 00:10:03]} {[%emt 00:00:40]} 37. Rc1
{[%clk 00:11:48]} {[%emt 00:01:02]} Bg4 {[%clk 00:09:08]} {[%emt 00:01:05]} 38.
Ke1 {[%clk 00:10:29]} {[%emt 00:01:28]} Bxe2 {[%clk 00:07:42]} {[%emt
00:01:37]} 39. Qc8+ {[%clk 00:10:19]} {[%emt 00:00:20]} Qd8 {[%clk 00:07:42]}
{[%emt 00:00:02]} 40. Qxd8+ {[%clk 00:09:59]} {[%emt 00:00:31]} Rxd8 {[%clk
00:07:42]} {[%emt 00:00:03]} 41. Nc6 {[%clk 00:09:45]} {[%emt 00:00:24]} Bb2
{[%emt 00:00:30]} 0-1

[Event "2024 National Middle School Championship"]
[Site "Atlanta, Georgia, United States"]
[Date "2024.05.10"]
[Round "2.13"]
[White "Lee, Rohan"]
[Black "Sanghani, Tanay"]
[Result "1/2-1/2"]
[TimeControl "G/90;d10"]
[WhiteElo "2123"]
[BlackElo "1837"]

1. e4 {[%clk 01:30:00]} e5 {[%clk 01:29:50]} {[%emt 00:00:21]} 2. Nf3 {[%clk
01:30:00]} {[%emt 00:00:05]} Nc6 {[%clk 01:29:21]} {[%emt 00:00:38]} 3. Bc4
{[%clk 01:30:00]} {[%emt 00:00:06]} Nf6 {[%clk 01:29:21]} {[%emt 00:00:09]} 4.
d3 {[%clk 01:30:00]} {[%emt 00:00:06]} Bc5 {[%clk 01:29:20]} {[%emt 00:00:10]}
5. c3 {[%clk 01:30:00]} {[%emt 00:00:05]} O-O {[%clk 01:29:13]} {[%emt
00:00:16]} 6. O-O {[%clk 01:30:00]} {[%emt 00:00:06]} d6 {[%clk 01:28:47]}
{[%emt 00:00:37]} 7. a4 {[%clk 01:30:00]} {[%emt 00:00:06]} a5 {[%clk
01:28:41]} {[%emt 00:00:16]} 8. Nbd2 {[%clk 01:29:48]} {[%emt 00:00:22]} h6
{[%clk 01:27:29]} {[%emt 00:01:23]} 9. Re1 {[%clk 01:29:42]} {[%emt 00:00:15]}
Kh8 {[%clk 01:25:58]} {[%emt 00:01:40]} 10. Bb5 {[%clk 01:23:30]} {[%emt
00:06:23]} Ba7 {[%clk 01:24:46]} {[%emt 00:01:21]} 11. Nc4 {[%clk 01:23:02]}
{[%emt 00:00:39]} Be6 {[%clk 01:22:33]} {[%emt 00:02:22]} 12. Be3 {[%clk
01:15:01]} {[%emt 00:08:11]} Bxc4 {[%clk 01:19:57]} {[%emt 00:02:47]} 13. Bxc4
{[%clk 01:14:50]} {[%emt 00:00:22]} Bxe3 {[%clk 01:19:50]} {[%emt 00:00:16]} 14.
fxe3 {[%clk 01:13:40]} {[%emt 00:01:20]} Qe7 {[%clk 01:13:08]} {[%emt
00:06:52]} 15. Rf1 {[%clk 01:08:33]} {[%emt 00:05:16]} Rad8 {[%clk 01:09:59]}
{[%emt 00:03:20]} 16. Nh4 {[%clk 00:57:38]} {[%emt 00:11:06]} d5 {[%clk
01:08:04]} {[%emt 00:02:05]} 17. Nf5 {[%clk 00:56:04]} {[%emt 00:01:44]} Qc5
{[%clk 01:07:45]} {[%emt 00:00:28]} 18. exd5 {[%clk 00:52:07]} {[%emt
00:04:07]} Nxd5 {[%clk 01:07:45]} {[%emt 00:00:09]} 19. Bxd5 {[%clk 00:50:32]}
{[%emt 00:01:45]} Qxd5 {[%clk 01:05:22]} {[%emt 00:02:32]} 20. Qg4 {[%clk
00:44:49]} {[%emt 00:05:52]} Rg8 {[%clk 01:04:46]} {[%emt 00:00:46]} 21. Qh5
{[%clk 00:40:40]} {[%emt 00:04:20]} Qe6 {[%clk 01:03:56]} {[%emt 00:00:59]} 22.
Nh4 {[%clk 00:40:12]} {[%emt 00:00:38]} Rgf8 {[%clk 00:57:13]} {[%emt
00:06:53]} 23. Rf2 {[%clk 00:32:46]} {[%emt 00:07:36]} Kh7 {[%clk 00:53:58]}
{[%emt 00:03:25]} 24. Qe2 {[%clk 00:31:09]} {[%emt 00:01:47]} Ne7 {[%clk
00:49:07]} {[%emt 00:05:00]} 25. Raf1 {[%clk 00:26:29]} {[%emt 00:04:51]} Kg8
{[%clk 00:47:21]} {[%emt 00:01:55]} 26. d4 {[%clk 00:22:34]} {[%emt 00:04:06]}
c6 {[%clk 00:41:08]} {[%emt 00:06:22]} 27. Qh5 {[%clk 00:19:51]} {[%emt
00:02:54]} exd4 {[%clk 00:38:08]} {[%emt 00:03:10]} 28. exd4 {[%clk 00:19:51]}
{[%emt 00:00:09]} Rd5 {[%clk 00:36:48]} {[%emt 00:01:30]} 29. Qf3 {[%clk
00:19:24]} {[%emt 00:00:37]} Qd6 {[%clk 00:32:01]} {[%emt 00:04:57]} 30. Qe4
{[%clk 00:15:58]} {[%emt 00:03:36]} Rh5 {[%clk 00:26:44]} {[%emt 00:05:27]} 31.
h3 {[%clk 00:13:56]} {[%emt 00:02:12]} g6 {[%clk 00:24:18]} {[%emt 00:02:35]}
32. Rf6 {[%clk 00:13:14]} {[%emt 00:00:53]} Qd7 {[%clk 00:22:23]} {[%emt
00:02:04]} 33. Nxg6 {[%clk 00:12:56]} {[%emt 00:00:30]} Nxg6 {[%clk 00:21:25]}
{[%emt 00:01:08]} 34. Rxg6+ {[%clk 00:12:56]} {[%emt 00:00:01]} Kh8 {[%clk
00:20:57]} {[%emt 00:00:37]} 35. Qf3 {[%clk 00:11:36]} {[%emt 00:01:30]} Kh7
{[%clk 00:19:31]} {[%emt 00:01:36]} 36. Qf6 {[%clk 00:09:15]} {[%emt 00:02:31]}
fxg6 {[%clk 00:18:12]} {[%emt 00:01:29]} 37. Qxf8 {[%clk 00:09:02]} {[%emt
00:00:23]} Rf5 {[%clk 00:18:12]} {[%emt 00:00:06]} 38. Rxf5 {[%clk 00:08:35]}
{[%emt 00:00:38]} gxf5 {[%clk 00:18:12]} {[%emt 00:00:01]} 39. Qc5 {[%clk
00:07:36]} {[%emt 00:01:10]} b5 {[%clk 00:16:03]} {[%emt 00:02:19]} 40. axb5
{[%clk 00:07:18]} {[%emt 00:00:28]} cxb5 {[%clk 00:16:03]} {[%emt 00:00:02]} 41.
d5 {[%clk 00:07:07]} {[%emt 00:00:21]} Kg8 {[%clk 00:15:26]} {[%emt 00:00:46]}
42. Qc6 {[%clk 00:06:48]} {[%emt 00:00:31]} Qa7+ {[%clk 00:15:04]} {[%emt
00:00:31]} 43. Kh1 {[%clk 00:06:36]} {[%emt 00:00:22]} Qe3 {[%clk 00:14:51]}
{[%emt 00:00:12]} 44. Qg6+ {[%clk 00:06:20]} {[%emt 00:00:37]} Kh8 {[%clk
00:14:43]} {[%emt 00:00:17]} 45. Qxf5 {[%clk 00:06:16]} {[%emt 00:00:14]} Qc1+
{[%clk 00:14:43]} {[%emt 00:00:07]} 46. Kh2 {[%clk 00:06:06]} {[%emt 00:00:20]}
Qxb2 {[%clk 00:14:43]} {[%emt 00:00:09]} 47. Qe5+ {[%clk 00:05:21]} {[%emt
00:00:57]} Kg8 {[%clk 00:14:26]} {[%emt 00:00:24]} 48. d6 {[%clk 00:02:19]}
{[%emt 00:03:14]} Qd2 {[%clk 00:14:13]} {[%emt 00:00:22]} 49. Qe6+ {[%clk
00:01:51]} {[%emt 00:00:40]} Kg7 {[%clk 00:13:08]} {[%emt 00:01:14]} 50. Qe7+
{[%clk 00:01:22]} {[%emt 00:00:39]} Kg6 {[%clk 00:13:08]} {[%emt 00:00:05]} 51.
Qe8+ {[%clk 00:01:21]} {[%emt 00:00:12]} Kg7 {[%clk 00:12:59]} {[%emt
00:00:17]} 52. Qd7+ {[%clk 00:01:10]} {[%emt 00:00:23]} Kg6 {[%clk 00:12:59]}
{[%emt 00:00:08]} 53. Qg4+ {[%clk 00:01:09]} {[%emt 00:00:11]} Kf6 {[%clk
00:12:54]} {[%emt 00:00:14]} 54. Qh4+ {[%clk 00:00:50]} {[%emt 00:00:31]} Kg6
{[%clk 00:12:38]} {[%emt 00:00:25]} 55. Qg3+ {[%clk 00:00:50]} {[%emt
00:00:08]} Kf7 {[%clk 00:11:08]} {[%emt 00:01:40]} 56. h4 {[%clk 00:00:44]}
{[%emt 00:00:17]} Ke6 {[%clk 00:10:45]} {[%emt 00:00:32]} 57. Qg6+ {[%clk
00:00:32]} {[%emt 00:00:22]} Kd7 {[%clk 00:10:25]} {[%emt 00:00:29]} 58. Qf5+
{[%clk 00:00:26]} {[%emt 00:00:17]} Kxd6 {[%clk 00:10:12]} {[%emt 00:00:24]} 59.
Qxb5 {[%clk 00:00:26]} {[%emt 00:00:07]} Qxc3 {[%clk 00:09:25]} {[%emt
00:00:56]} 60. Qb6+ {[%clk 00:00:26]} {[%emt 00:00:04]} Ke7 {[%clk 00:09:10]}
{[%emt 00:00:26]} 61. Qxh6 {[%clk 00:00:26]} {[%emt 00:00:09]} Qe5+ {[%clk
00:08:04]} {[%emt 00:01:16]} 62. Kg1 {[%clk 00:00:25]} {[%emt 00:00:12]} Qe1+
{[%clk 00:08:04]} {[%emt 00:00:09]} 63. Kh2 {[%clk 00:00:25]} {[%emt 00:00:09]}
Qe5+ {[%clk 00:08:04]} {[%emt 00:00:07]} 64. g3 {[%clk 00:00:23]} {[%emt
00:00:12]} Qe2+ {[%clk 00:07:58]} {[%emt 00:00:15]} 65. Kg1 {[%clk 00:00:23]}
{[%emt 00:00:03]} Qe1+ {[%clk 00:07:54]} {[%emt 00:00:13]} 66. Kg2 {[%clk
00:00:23]} {[%emt 00:00:06]} Qe2+ {[%clk 00:07:54]} {[%emt 00:00:07]} 67. Kg1
{[%clk 00:00:23]} {[%emt 00:00:05]} Qe1+ {[%clk 00:07:54]} {[%emt 00:00:08]} 68.
Kg2 {[%clk 00:00:23]} 1/2-1/2

[Event "2024 National Middle School Championship"]
[Site "Atlanta, Georgia, United States"]
[Date "2024.05.10"]
[Round "2.14"]
[White "Javeri, Arhan"]
[Black "Das, Aditeya"]
[Result "0-1"]
[TimeControl "G/90;d10"]
[WhiteElo "1837"]
[BlackElo "2120"]

1. Nf3 {[%clk 01:30:00]} {[%emt 00:00:04]} Nf6 {[%clk 01:30:00]} {[%emt
00:00:06]} 2. c4 {[%clk 01:30:00]} {[%emt 00:00:03]} c6 {[%clk 01:30:00]}
{[%emt 00:00:04]} 3. g3 {[%clk 01:30:00]} {[%emt 00:00:03]} g6 {[%clk
01:30:00]} {[%emt 00:00:05]} 4. Bg2 {[%clk 01:30:00]} {[%emt 00:00:02]} Bg7
{[%clk 01:30:00]} {[%emt 00:00:05]} 5. O-O {[%clk 01:30:00]} {[%emt 00:00:09]}
O-O {[%clk 01:30:00]} {[%emt 00:00:03]} 6. d4 {[%clk 01:30:00]} {[%emt
00:00:09]} d5 {[%clk 01:30:00]} {[%emt 00:00:03]} 7. Nbd2 {[%clk 01:28:49]}
{[%emt 00:01:21]} Bf5 {[%clk 01:29:18]} {[%emt 00:00:53]} 8. b3 {[%clk
01:28:07]} {[%emt 00:00:51]} h6 {[%clk 01:29:06]} {[%emt 00:00:23]} 9. Nh4
{[%emt 00:13:39]} e6 {[%clk 01:25:58]} {[%emt 00:02:13]} 10. Bb2 {[%clk
01:06:23]} {[%emt 00:09:29]} g5 {[%clk 01:21:55]} {[%emt 00:04:14]} 11. Nxf5
{[%clk 01:04:07]} {[%emt 00:02:25]} exf5 {[%clk 01:21:55]} {[%emt 00:00:07]} 12.
e3 {[%clk 01:02:54]} {[%emt 00:01:23]} Re8 {[%clk 01:21:12]} {[%emt 00:00:53]}
13. Nf3 {[%clk 00:57:39]} {[%emt 00:05:25]} Ne4 {[%clk 01:20:37]} {[%emt
00:00:43]} 14. Ne5 {[%clk 00:51:52]} {[%emt 00:05:57]} Nd7 {[%clk 01:14:30]}
{[%emt 00:06:18]} 15. f4 {[%clk 00:48:01]} {[%emt 00:04:01]} f6 {[%clk
01:11:19]} {[%emt 00:03:21]} 16. Nd3 {[%clk 00:41:37]} {[%emt 00:06:35]} g4
{[%clk 01:10:52]} {[%emt 00:00:37]} 17. a4 {[%clk 00:39:26]} {[%emt 00:02:33]}
h5 {[%clk 01:08:40]} {[%emt 00:02:22]} 18. Nf2 {[%clk 00:35:20]} {[%emt
00:04:16]} Nf8 {[%clk 01:03:21]} {[%emt 00:05:28]} 19. Rc1 {[%clk 00:31:04]}
{[%emt 00:04:27]} Ng6 {[%clk 01:00:43]} {[%emt 00:02:47]} 20. Bxe4 {[%emt
00:03:23]} fxe4 {[%clk 00:59:54]} {[%emt 00:00:58]} 21. f5 {[%clk 00:21:02]}
{[%emt 00:07:01]} Ne7 {[%clk 00:51:50]} {[%emt 00:08:13]} 22. Ba3 {[%clk
00:19:36]} {[%emt 00:01:37]} Bh6 {[%clk 00:50:03]} {[%emt 00:01:57]} 23. Qe2
{[%clk 00:17:01]} {[%emt 00:02:45]} Kh7 {[%clk 00:47:55]} {[%emt 00:02:18]} 24.
Kg2 {[%clk 00:13:05]} {[%emt 00:04:05]} Nxf5 {[%clk 00:37:43]} {[%emt
00:10:22]} 25. Nxg4 {[%clk 00:11:25]} {[%emt 00:01:50]} Nxd4 {[%clk 00:37:43]}
{[%emt 00:00:06]} 26. exd4 {[%emt 00:00:26]} hxg4 {[%clk 00:37:43]} {[%emt
00:00:05]} 27. Qxg4 {[%clk 00:10:02]} {[%emt 00:01:20]} e3 {[%clk 00:37:34]}
{[%emt 00:00:20]} 28. Qf5+ {[%clk 00:07:33]} {[%emt 00:02:39]} Kg7 {[%clk
00:36:08]} {[%emt 00:01:35]} 29. Qg4+ {[%clk 00:06:23]} {[%emt 00:01:19]} Bg5
{[%clk 00:34:38]} {[%emt 00:01:41]} 30. h4 {[%clk 00:04:48]} {[%emt 00:01:45]}
e2 {[%clk 00:32:50]} {[%emt 00:01:59]} 31. hxg5 {[%clk 00:02:28]} {[%emt
00:02:29]} exf1=Q+ {[%clk 00:32:45]} {[%emt 00:00:16]} 32. Rxf1 {[%clk
00:02:28]} f5 {[%clk 00:30:09]} {[%emt 00:02:47]} 33. Qxf5 {[%clk 00:01:23]}
{[%emt 00:01:14]} Re2+ {[%clk 00:29:58]} {[%emt 00:00:20]} 34. Kg1 {[%clk
00:01:23]} {[%emt 00:00:01]} Qe8 {[%clk 00:29:46]} {[%emt 00:00:24]} 35. Qf6+
{[%clk 00:00:08]} {[%emt 00:01:25]} Kg8 {[%clk 00:29:46]} {[%emt 00:00:04]} 36.
g6 {[%clk 00:00:04]} {[%emt 00:00:15]} Qe3+ {[%clk 00:29:32]} {[%emt 00:00:24]}
37. Kh1 {[%clk 00:00:04]} Qh6+ {[%clk 00:29:31]} {[%emt 00:00:12]} 38. Qh4
{[%clk 00:00:04]} {[%emt 00:00:04]} Qxh4+ {[%clk 00:28:30]} {[%emt 00:01:12]}
39. gxh4 {[%clk 00:00:04]} Re4 {[%clk 00:28:30]} {[%emt 00:00:03]} 0-1